000 00717nam a22002297a 4500
003 DO-SdBNP
005 20260120073951.0
008 210719b 2018 dr 00| 0 eng d
020 _a9789945481938
040 _aDO-SdBNP
_bspa
_cBNPHU
082 4 _a231.1
_bS211n
100 1 _aSánchez, Joelyn,
_d1990-
_979285
245 1 0 _aNecesito un Abba (Padre) /
_cJoelyn Sánchez.
260 _aSanto Domingo :
_bCentenario,
_c2018.
300 _a143 p. :
_c22 cm.
500 _aIncluye datos biográficos del autor en la contracubierta.
590 _aInventariado, 2021 /LP
650 4 _aPaternidad de Dios
_979316
650 0 _aVida espiritual
_9268
910 _aValidado.Control de calidad MFF
942 _2ddc
_cLBS1
999 _c50139
_d50139